[Event "Coppa del Mondo FIDE 2013"]
[Site "Tromsø"]
[Date "21.08.2013"]
[Round "4.2"]
[White "Karjakin, Sergey"]
[Black "Andreikin, Dmitry"]
[Result "1/2-1/2"]
[WhiteTitle "GM"]
[BlackTitle "GM"]
[WhiteElo "2772"]
[BlackElo "2716"]
[WhiteFideId "14109603"]
[BlackFideId "4158814"]
[EventDate "2013.08.11"]

1. e4 e6 2. d4 d5 3. Nc3 Nc6 4. e5 f6 5. Bb5 Bd7 6. Nf3 a6 7. Bxc6 Bxc6 8. h4
Qd7 9. h5 O-O-O 10. Bf4 Bb4 11. Qd2 h6 12. a3 Bxc3 13. Qxc3 f5 14. b3 Ne7 15. a4
Kb8 16. Bc1 Rdg8 17. Ng1 g5 18. hxg6 Nxg6 19. Ne2 Qd8 20. Bd2 h5 21. O-O-O Be8
22. Rh2 h4 23. Rdh1 Rh5 24. Qf3 Rgh8 25. Nf4 Nxf4 26. Qxf4 Qe7 27. f3 Qg7 28.
Be1 h3 29. gxh3 R5h6 30. Kb2 Qg8 31. Bf2 Bh5 32. Rg1 Rg6 33. Rhh1 Rg2 34. h4 Rh7
35. Be3 Rhg7 36. Rxg2 Rxg2 37. Rh2 b6 1/2-1/2

[Event "Coppa del Mondo FIDE 2013"]
[Site "Tromsø"]
[Date "21.08.2013"]
[Round "4.2"]
[White "Gelfand, Boris"]
[Black "Vachier-Lagrave, Maxime"]
[Result "1/2-1/2"]
[WhiteTitle "GM"]
[BlackTitle "GM"]
[WhiteElo "2764"]
[BlackElo "2719"]
[WhiteFideId "2805677"]
[BlackFideId "623539"]
[EventDate "2013.08.11"]

1. d4 d5 2. c4 c6 3. Nf3 Nf6 4. e3 Bg4 5. h3 Bf5 6. Nc3 e6 7. g4 Bg6 8. Nh4 Nbd7
9. a3 Be7 10. cxd5 cxd5 11. Nxg6 hxg6 12. Bg2 g5 13. Qd3 Rc8 14. Bd2 Nb6 15. b3
Bd6 16. a4 a6 17. a5 Nbd7 18. e4 e5 19. Nxd5 Nxd5 20. exd5 exd4 21. O-O O-O 22.
Qf5 g6 23. Qxg5 Qxg5 24. Bxg5 Rc3 25. Rfe1 d3 26. Rad1 Rfc8 27. b4 Rb3 28. Re3
f6 29. Bh4 g5 30. Bg3 Bxg3 31. Rxg3 Ne5 32. Be4 Rcc3 33. d6 Rxb4 34. Rgxd3 Nxd3
35. Bxd3 Rc8 36. Bf5 Rd8 37. d7 Rb5 38. Ra1 Rxf5 39. gxf5 Rxd7 40. Rb1 Rd5 41.
Rxb7 Rxa5 42. Ra7 Rxf5 43. Rxa6 1/2-1/2

[Event "Coppa del Mondo FIDE 2013"]
[Site "Tromsø"]
[Date "22.08.2013"]
[Round "4.3"]
[White "Le, Quang Liem"]
[Black "Svidler, Peter"]
[Result "1/2-1/2"]
[WhiteTitle "GM"]
[BlackTitle "GM"]
[WhiteElo "2702"]
[BlackElo "2746"]
[WhiteFideId "12401137"]
[BlackFideId "4102142"]
[EventDate "2013.08.11"]

1. Nf3 Nf6 2. c4 g6 3. Nc3 d5 4. cxd5 Nxd5 5. Qb3 Nb6 6. d4 Be6 7. Qc2 Bg4 8. e3
Bxf3 9. gxf3 Bg7 10. f4 e6 11. Bg2 c6 12. h4 h5 13. Ne4 Qe7 14. Bd2 N8d7 15.
O-O-O O-O 16. Kb1 Nd5 17. Ng5 Rfd8 18. e4 Nc7 19. f5 Nf8 20. fxg6 Nxg6 21. Be3
Nb5 22. e5 Qb4 23. Qb3 Qxb3 24. axb3 Rd7 25. Be4 Ne7 26. Rhg1 Rad8 27. Nf3 Kf8
28. Rg5 f5 29. exf6 Bxf6 30. Rxh5 Nxd4 31. Ng5 Bxg5 32. Bxg5 Ndf5 33. Rh8+ Ng8
34. Rc1 Kg7 35. Bxd8 Kxh8 36. Bg5 Kg7 37. Rg1 Nf6 38. Bxf5 exf5 39. Be3+ Kf7 40.
Bxa7 Rd3 41. Rg3 Rd1+ 42. Kc2 Rh1 43. Rg5 Ke6 44. Rg7 b5 45. Rc7 Kd5 46. Be3 Ng4
47. Rd7+ Ke6 48. Rc7 Kd5 49. Rd7+ Ke6 1/2-1/2

[Event "Coppa del Mondo FIDE 2013"]
[Site "Tromsø"]
[Date "22.08.2013"]
[Round "4.3"]
[White "Andreikin, Dmitry"]
[Black "Karjakin, Sergey"]
[Result "1-0"]
[WhiteTitle "GM"]
[BlackTitle "GM"]
[WhiteElo "2716"]
[BlackElo "2772"]
[WhiteFideId "4158814"]
[BlackFideId "14109603"]
[EventDate "2013.08.11"]

1. d4 Nf6 2. Nf3 e6 3. Bg5 d5 4. Nbd2 h6 5. Bh4 c5 6. e3 Nc6 7. c3 Qb6 8. Rb1
Be7 9. Bd3 Nh5 10. Bxe7 Nxe7 11. O-O Nf6 12. Ne5 O-O 13. f4 Ne8 14. Qh5 f6 15.
Ng6 Nxg6 16. Bxg6 Bd7 17. g4 cxd4 18. exd4 Qd8 19. Nf3 Qc7 20. Nh4 Bb5 21. Rfe1
Bd7 22. f5 e5 23. dxe5 fxe5 24. g5 Qc5+ 25. Kg2 d4 26. gxh6 Nf6 27. Qg5 gxh6 28.
Qxh6 dxc3 29. Kh3 c2 30. Rbc1 Qd4 31. Rg1 Qd3+ 32. Rg3 1-0

[Event "Coppa del Mondo FIDE 2013"]
[Site "Tromsø"]
[Date "22.08.2013"]
[Round "4.4"]
[White "Svidler, Peter"]
[Black "Le, Quang Liem"]
[Result "1-0"]
[WhiteTitle "GM"]
[BlackTitle "GM"]
[WhiteElo "2746"]
[BlackElo "2702"]
[WhiteFideId "4102142"]
[BlackFideId "12401137"]
[EventDate "2013.08.11"]

1. d4 d5 2. c4 c6 3. Nc3 Nf6 4. cxd5 cxd5 5. Bf4 Nc6 6. e3 Bf5 7. Qb3 Na5 8.
Qa4+ Bd7 9. Qc2 Rc8 10. Bd3 e6 11. Nf3 Be7 12. h3 O-O 13. O-O Nc4 14. Ne5 Bc6
15. Rac1 Nd6 16. Qb3 Qa5 17. Rc2 Rfd8 18. Nxc6 Rxc6 19. Rfc1 h6 20. a3 Nfe8 21.
Qb4 Qxb4 22. axb4 Nc4 23. b5 Rcc8 24. Na4 Ned6 25. b3 Na5 26. Rxc8 Rxc8 27. Rc5
Nxb3 28. Bxd6 Nxc5 29. Bxc5 Bf8 30. Bxf8 Kxf8 31. Nc5 Rc7 32. Kf1 b6 33. Na6
Rc1+ 34. Ke2 Ke7 35. Nb4 Kd6 36. h4 g5 37. hxg5 hxg5 38. f4 gxf4 39. exf4 f5 40.
Nc2 Rb1 41. Ne1 Rb2+ 42. Ke3 Ke7 43. Be2 Rb3+ 44. Kf2 Kd6 45. Nf3 Rb4 46. g3 Rb3
47. Ne5 Rb2 48. g4 fxg4 49. Nxg4 Rb3 50. Ne5 Rb2 51. Ke3 Rb1 52. Bd3 Re1+ 53.
Kd2 Rh1 54. f5 exf5 55. Bxf5 Rh2+ 56. Kc3 Rh1 57. Bd3 Rc1+ 58. Kd2 Rh1 59. Nf3
Rh8 60. Ne1 Rh2+ 61. Kc3 Rh3 62. Nc2 Rg3 63. Kd2 Rg2+ 64. Be2 Rf2 65. Ne3 Rf4
66. Kd3 Rf2 67. Bh5 Rb2 68. Be8 Rb3+ 69. Kd2 Rb4 70. Kc3 Ra4 71. Kb3 Ra5 72. Bc6
a6 73. Kb4 Ra1 74. Bxd5 axb5 75. Bb3 Rb1 76. Nd1 Kd7 77. Nc3 Rh1 78. Nxb5 Rh4
79. Bd5 Rh2 80. Kc3 Rf2 81. Kd3 Rh2 82. Bb7 Rb2 83. Kc4 Ke6 84. Bc8+ Ke7 85. Bf5
Rf2 86. Be4 Ke6 87. Nc3 Kd6 88. Bd5 Rc2 89. Be4 Rc1 90. Kd3 Rg1 91. Nb5+ Ke6 92.
Bc6 Rc1 93. Bf3 Rg1 94. Na3 Ra1 95. Nc4 b5 96. Nd2 Ra3+ 97. Ke4 Kd6 98. Bd1 Rh3
99. Bb3 Rh4+ 100. Kd3 Rh3+ 101. Kc2 Rh4 102. Kd3 Rh3+ 103. Ke2 Rh2+ 104. Ke3
Rh3+ 105. Nf3 Rh1 106. Ng5 Rh5 107. Ne4+ Kc6 108. Be6 Rh1 109. d5+ Kb6 110. Kd4
Rd1+ 111. Ke5 b4 112. d6 Kc6 113. Bb3 Re1 114. Ba4+ Kb6 115. Kd5 Rh1 116. Nf6
Rh3 117. Nd7+ Ka5 118. Nc5 b3 119. d7 Rh5+ 120. Kc4 Rh4+ 121. Kxb3 Rd4 122. Kc3
Rd5 123. Kc4 Rxd7 124. Bxd7 Kb6 125. Ne6 Ka5 126. Kc5 Ka6 127. Bc6 Ka5 128. Nd4
Ka6 129. Nb5 Ka5 130. Nd6 Ka6 131. Bb5+ Ka7 132. Kc6 Kb8 133. Kb6 Ka8 134. Ba6
Kb8 135. Nc4 1-0

[Event "Coppa del Mondo FIDE 2013"]
[Site "Tromsø"]
[Date "22.08.2013"]
[Round "4.4"]
[White "Karjakin, Sergey"]
[Black "Andreikin, Dmitry"]
[Result "0-1"]
[WhiteTitle "GM"]
[BlackTitle "GM"]
[WhiteElo "2772"]
[BlackElo "2716"]
[WhiteFideId "14109603"]
[BlackFideId "4158814"]
[EventDate "2013.08.11"]

1. e4 e6 2. d4 d5 3. Nc3 Nf6 4. e5 Nfd7 5. f4 c5 6. Nf3 Nc6 7. Be3 cxd4 8. Nxd4
Bc5 9. Qd2 O-O 10. O-O-O a6 11. Qf2 Bxd4 12. Bxd4 b5 13. Be3 Qa5 14. Kb1 b4 15.
Ne2 Qc7 16. Nd4 Nxd4 17. Bxd4 a5 18. Rd3 f6 19. Rf3 fxe5 20. fxe5 Ba6 21. Bxa6
Rxa6 22. h4 Raa8 23. h5 h6 24. b3 Rac8 25. Rxf8+ Rxf8 26. Qe3 Qd8 27. Qh3 Qe7
28. g4 Rf4 29. Be3 Re4 30. Rg1 Rxe5 31. Qg3 Qf7 32. g5 hxg5 33. Bxg5 Rf5 34. Bc1
Rxh5 35. Qc7 d4 36. Qc8+ Kh7 37. Qc4 Ne5 38. Qxd4 Nf3 39. Qe4+ Qf5 40. Rg4 Qxe4
41. Rxe4 Re5 42. Rc4 g5 43. c3 bxc3 44. Kc2 Re2+ 45. Kxc3 Rxa2 46. Bb2 Kg6 47.
Kc2 Kf5 48. Kb1 Rxb2+ 49. Kxb2 g4 50. Rc5+ e5 0-1

[Event "Coppa del Mondo FIDE 2013"]
[Site "Tromsø"]
[Date "23.08.2013"]
[Round "5.1"]
[White "Kramnik, Vladimir"]
[Black "Korobov, Anton"]
[Result "1-0"]
[WhiteTitle "GM"]
[BlackTitle "GM"]
[WhiteElo "2784"]
[BlackElo "2720"]
[WhiteFideId "4101588"]
[BlackFideId "14105730"]
[EventDate "2013.08.11"]

1. d4 d5 2. Nf3 Nf6 3. c4 c6 4. Nc3 dxc4 5. a4 e6 6. e3 c5 7. Bxc4 Nc6 8. O-O
cxd4 9. exd4 Be7 10. Qe2 O-O 11. Rd1 Nd5 12. Bd2 Ncb4 13. a5 Bd7 14. Nxd5 Nxd5
15. Ne5 Be8 16. Qf3 f6 17. Nd3 Bf7 18. Qg4 Kh8 19. Nc5 Bxc5 20. dxc5 Qc7 21. a6
bxa6 22. b4 Rfd8 23. Rxa6 h5 24. Qf3 Rab8 25. Be1 Nxb4 26. Rxd8+ Qxd8 27. Rxa7
Kg8 28. c6 Nd5 29. Rb7 Rc8 30. Bb5 Qd6 31. Qe4 Qc5 32. h3 g6 33. Bd2 Rxc6 34.
Bxc6 Qxc6 35. Qb1 g5 36. h4 gxh4 37. Bh6 Nc7 38. Ra7 Nb5 39. Qb4 Nd6 40. Qb8+
Ne8 41. Re7 e5 42. Kh2 h3 43. gxh3 Kh7 44. Be3 Kg8 45. Qb1 Qd6 46. Qg1+ Kf8 47.
Ra7 Nc7 48. Qc1 Ne6 49. Qc8+ Kg7 50. Qe8 Nc7 51. Qb8 1-0

[Event "Coppa del Mondo FIDE 2013"]
[Site "Tromsø"]
[Date "23.08.2013"]
[Round "5.1"]
[White "Andreikin, Dmitry"]
[Black "Svidler, Peter"]
[Result "1/2-1/2"]
[WhiteTitle "GM"]
[BlackTitle "GM"]
[WhiteElo "2716"]
[BlackElo "2746"]
[WhiteFideId "4158814"]
[BlackFideId "4102142"]
[EventDate "2013.08.11"]

1. Nf3 Nf6 2. d4 g6 3. Bg5 Bg7 4. Nbd2 c5 5. e3 cxd4 6. exd4 Nc6 7. c3 d5 8. h3
Bf5 9. Bf4 O-O 10. Be2 Qb6 11. Qb3 Na5 12. Qxb6 axb6 13. g4 Bd7 14. g5 Nh5 15.
Bc7 b5 16. Bxa5 Rxa5 17. Nb3 Raa8 18. Nc5 Bc6 19. Nd3 f6 20. h4 Rae8 21. Rg1 e5
22. gxf6 exd4 23. fxg7 Rxf3 24. Kd2 dxc3+ 25. bxc3 Rh3 26. Bxh5 gxh5 27. Rh1 Rf3
28. Rhg1 Rh3 29. Rh1 Rf3 30. Rhg1 Rh3 1/2-1/2

[Event "Coppa del Mondo FIDE 2013"]
[Site "Tromsø"]
[Date "24.08.2013"]
[Round "5.2"]
[White "Kamsky, Gata"]
[Black "Tomashevsky, Evgeny"]
[Result "0-1"]
[WhiteTitle "GM"]
[BlackTitle "GM"]
[WhiteElo "2741"]
[BlackElo "2706"]
[WhiteFideId "2000024"]
[BlackFideId "4147235"]
[EventDate "2013.08.11"]

1. e4 e5 2. Nf3 Nc6 3. Bb5 a6 4. Ba4 Nf6 5. O-O Be7 6. Re1 b5 7. Bb3 O-O 8. h3
Bb7 9. d3 d5 10. exd5 Nxd5 11. a4 Nd4 12. Nbd2 Nxb3 13. Nxb3 Nb4 14. axb5 Bxf3
15. gxf3 axb5 16. Rxa8 Qxa8 17. Rxe5 Bd6 18. Rxb5 Re8 19. Kg2 h6 20. Nc5 Nd5 21.
Ne4 Qc6 22. Nxd6 Qxd6 23. c4 c6 24. Rb3 Nf4+ 25. Bxf4 Qxf4 26. d4 Qg5+ 27. Kf1
Qh5 28. Re3 Qxh3+ 29. Ke2 Rb8 30. Qc2 h5 31. b3 Ra8 32. d5 cxd5 33. cxd5 Qd7 34.
Qd1 Ra6 35. b4 h4 36. Qd4 h3 37. Kf1 h2 38. Kg2 h1=Q+ 39. Kxh1 Qh3+ 40. Kg1 Rg6+ 0-1

[Event "Coppa del Mondo FIDE 2013"]
[Site "Tromsø"]
[Date "24.08.2013"]
[Round "5.2"]
[White "Caruana, Fabiano"]
[Black "Vachier-Lagrave, Maxime"]
[Result "1/2-1/2"]
[WhiteTitle "GM"]
[BlackTitle "GM"]
[WhiteElo "2796"]
[BlackElo "2719"]
[WhiteFideId "2020009"]
[BlackFideId "623539"]
[EventDate "2013.08.11"]

1. d4 d5 2. c4 c6 3. Nf3 Nf6 4. Qb3 e6 5. Bg5 Be7 6. e3 O-O 7. Nc3 h6 8. Bh4 a6
9. Rd1 Nbd7 10. Qc2 Re8 11. a3 b5 12. c5 e5 13. dxe5 Ng4 14. Bg3 Bxc5 15. h3
Ngxe5 16. Nxe5 Nxe5 17. Nxd5 Bd6 18. Nb6 Rb8 19. Nxc8 Rxc8 20. Be2 Qf6 21. O-O
Rcd8 22. a4 Bf8 23. b3 bxa4 24. bxa4 a5 25. Rxd8 Rxd8 26. Qe4 Rd5 27. Rc1 Bb4
28. h4 g6 29. Rd1 Rxd1+ 30. Bxd1 Nd7 31. Qe8+ Nf8 32. Bb3 Qf5 33. Bc4 Qd7 34.
Qe5 Qe7 35. Qb8 Qe4 36. Bf1 h5 37. Qd8 Kg7 38. Bd3 Qd5 39. Qxd5 cxd5 40. Be5+ f6
41. Bb2 Ne6 42. Bc2 Nc5 43. f3 Kf7 44. g4 hxg4 45. fxg4 Be1 46. Bd4 Nd7 47. h5
gxh5 48. gxh5 Kg7 49. Kf1 Bb4 50. Bg6 Bc5 51. Bc3 Nb6 52. Be8 Nc4 53. Ke2 Bb6
54. Be1 Nxe3 55. Bxa5 1/2-1/2

[Event "Coppa del Mondo FIDE 2013"]
[Site "Tromsø"]
[Date "24.08.2013"]
[Round "5.2"]
[White "Korobov, Anton"]
[Black "Kramnik, Vladimir"]
[Result "1/2-1/2"]
[WhiteTitle "GM"]
[BlackTitle "GM"]
[WhiteElo "2720"]
[BlackElo "2784"]
[WhiteFideId "14105730"]
[BlackFideId "4101588"]
[EventDate "2013.08.11"]

1. d4 Nf6 2. c4 e6 3. Nc3 Bb4 4. Bg5 c5 5. d5 d6 6. e3 exd5 7. cxd5 Nbd7 8. Bb5
h6 9. Bh4 Bxc3+ 10. bxc3 Qa5 11. Bxd7+ Nxd7 12. Ne2 O-O 13. Be7 Re8 14. Bxd6 Qa6
15. Bf4 Nf6 16. O-O Bf5 17. Re1 Rad8 18. d6 Qc6 19. Ng3 Bh7 20. h4 Nd5 21. Qf3
Nxc3 22. Qxc6 bxc6 23. Ne2 Nxe2+ 24. Rxe2 c4 25. Rc1 Bd3 26. Rb2 g5 27. hxg5
hxg5 28. Bxg5 Rxd6 29. Rb7 Rd5 30. Bf6 Ra5 31. Ra1 a6 32. g4 Be2 33. g5 Rd5 34.
Kg2 Rf5 35. f4 Bd3 36. Kf2 Be4 37. Rd1 Rd5 38. Rxd5 cxd5 39. Ra7 Bd3 40. Bc3 Re6
41. Kf3 Kf8 42. a4 Ke8 43. a5 Rc6 44. Kf2 Bf5 45. Ke1 d4 46. exd4 Re6+ 47. Kd2
Bd3 48. d5 Rd6 49. Kc1 Bg6 50. Bb4 Rxd5 51. Rxa6 Kd7 52. Rf6 Rb5 53. Bc3 Rf5 54.
Rb6 Rxf4 55. a6 Rf2 56. a7 Be4 57. Kd1 Ra2 58. Rf6 Ke8 1/2-1/2

[Event "Coppa del Mondo FIDE 2013"]
[Site "Tromsø"]
[Date "24.08.2013"]
[Round "5.2"]
[White "Svidler, Peter"]
[Black "Andreikin, Dmitry"]
[Result "1/2-1/2"]
[WhiteTitle "GM"]
[BlackTitle "GM"]
[WhiteElo "2746"]
[BlackElo "2716"]
[WhiteFideId "4102142"]
[BlackFideId "4158814"]
[EventDate "2013.08.11"]

1. e4 c6 2. d4 d5 3. e5 c5 4. dxc5 Nc6 5. Nf3 Bg4 6. c3 e6 7. Be3 Nge7 8. Nbd2
g6 9. Bf4 Nf5 10. b4 g5 11. Bxg5 Qxg5 12. Nxg5 Bxd1 13. Rxd1 a5 14. Bd3 Nh4 15.
g3 Ng6 16. f4 axb4 17. cxb4 Be7 18. Bb5 Bxg5 19. fxg5 O-O 20. Bxc6 1/2-1/2

[Event "Coppa del Mondo FIDE 2013"]
[Site "Tromsø"]
[Date "25.08.2013"]
[Round "5.3"]
[White "Caruana, Fabiano"]
[Black "Vachier-Lagrave, Maxime"]
[Result "1/2-1/2"]
[WhiteTitle "GM"]
[BlackTitle "GM"]
[WhiteElo "2796"]
[BlackElo "2719"]
[WhiteFideId "2020009"]
[BlackFideId "623539"]
[EventDate "2013.08.11"]

1. d4 d5 2. c4 c6 3. Nf3 Nf6 4. e3 Bg4 5. h3 Bf5 6. Nc3 e6 7. g4 Bg6 8. Ne5 Nbd7
9. h4 dxc4 10. Nxg6 hxg6 11. g5 Nd5 12. Bxc4 Bb4 13. Bd2 Qe7 14. Qb3 N7b6 15.
Be2 O-O-O 16. a3 Ba5 17. O-O-O e5 18. dxe5 Qxe5 19. Nxd5 Bxd2+ 20. Rxd2 Rxd5 21.
Rxd5 cxd5 22. Qb4 Kb8 23. Bd3 Nc4 24. Kb1 a5 25. Qb5 Rc8 26. Bxc4 Qe4+ 27. Ka2
dxc4 28. Rc1 f6 29. Qxa5 Qxh4 30. f4 Qh3 31. Qc3 Qf5 32. Rg1 Ka8 33. gxf6 gxf6
34. Rd1 Qe6 35. Rg1 Qf5 36. Rh1 Qd5 37. Rh7 g5 38. fxg5 fxg5 39. Rg7 Kb8 40. e4
Qxe4 41. Rxg5 Qc6 42. Ra5 Qb6 43. a4 Qb3+ 44. Qxb3 cxb3+ 45. Kxb3 Rh8 46. Rg5
Ka7 47. Kb4 Ka6 48. a5 b6 49. axb6 Kxb6 50. Rg6+ Kb7 51. Ka4 Rh4+ 52. b4 Rh5 53.
Rf6 Rg5 54. b5 Rg1 55. Rf7+ 1/2-1/2

[Event "Coppa del Mondo FIDE 2013"]
[Site "Tromsø"]
[Date "25.08.2013"]
[Round "5.3"]
[White "Andreikin, Dmitry"]
[Black "Svidler, Peter"]
[Result "1-0"]
[WhiteTitle "GM"]
[BlackTitle "GM"]
[WhiteElo "2716"]
[BlackElo "2746"]
[WhiteFideId "4158814"]
[BlackFideId "4102142"]
[EventDate "2013.08.11"]

1. d4 Nf6 2. Bg5 e6 3. Nd2 h6 4. Bh4 c5 5. e3 Be7 6. c3 b6 7. Ngf3 Ba6 8. Bxf6
Bxf6 9. Bxa6 Nxa6 10. Ne4 cxd4 11. Nxf6+ Qxf6 12. cxd4 Qe7 13. O-O O-O 14. Qa4
Nc7 15. Rac1 Nd5 16. Ne5 d6 17. Nd3 Rfc8 18. h3 Qb7 19. Qa3 Qd7 20. Qa6 f5 21.
Rfe1 Kf7 22. Nf4 Nb4 23. Qe2 Nxa2 24. Rxc8 Rxc8 25. e4 Nb4 26. exf5 exf5 27. Qf3
a5 28. Re6 Kg8 29. Qg3 Nd5 30. Qb3 1-0

[Event "Coppa del Mondo FIDE 2013"]
[Site "Tromsø"]
[Date "25.08.2013"]
[Round "5.4"]
[White "Svidler, Peter"]
[Black "Andreikin, Dmitry"]
[Result "1/2-1/2"]
[WhiteTitle "GM"]
[BlackTitle "GM"]
[WhiteElo "2746"]
[BlackElo "2716"]
[WhiteFideId "4102142"]
[BlackFideId "4158814"]
[EventDate "2013.08.11"]

1. e4 c6 2. d4 d5 3. e5 c5 4. dxc5 Nc6 5. Nf3 Bg4 6. c3 e6 7. Be3 Bxf3 8. Qxf3
Nge7 9. Bb5 a6 10. Ba4 Qa5 11. Qd1 Nf5 12. b4 Nxe3 13. fxe3 Qc7 14. Qd4 Be7 15.
Nd2 O-O 16. Bxc6 Qxc6 17. O-O a5 18. Nf3 axb4 19. cxb4 Ra3 20. h3 h6 21. Kh1 Qa6
22. Rf2 Rd3 23. Qf4 Qa3 24. Re1 g5 25. Qg4 Rxe3 26. Ref1 Qd3 27. a4 Qg6 28. Qd4
Qe4 29. Qb2 h5 30. Nd2 Rxh3+ 31. Kg1 Qg4 32. Rf3 Rh4 33. Rb3 Qe2 34. Qc3 Rg4 35.
Rf2 Qe1+ 36. Rf1 Qe2 37. Rf2 Qe1+ 1/2-1/2

[Event "Coppa del Mondo FIDE 2013"]
[Site "Tromsø"]
[Date "26.08.2013"]
[Round "6.1"]
[White "Andreikin, Dmitry"]
[Black "Tomashevsky, Evgeny"]
[Result "1/2-1/2"]
[WhiteTitle "GM"]
[BlackTitle "GM"]
[WhiteElo "2716"]
[BlackElo "2706"]
[WhiteFideId "4158814"]
[BlackFideId "4147235"]
[EventDate "2013.08.11"]

1. d4 d5 2. Nf3 Nf6 3. c4 c6 4. Nc3 a6 5. e3 e6 6. c5 b6 7. cxb6 Qxb6 8. Bd3 a5
9. Na4 Qc7 10. O-O Bd6 11. b3 O-O 12. Bb2 Ba6 13. Rc1 Rc8 14. h3 1/2-1/2

[Event "Coppa del Mondo FIDE 2013"]
[Site "Tromsø"]
[Date "27.08.2013"]
[Round "6.2"]
[White "Tomashevsky, Evgeny"]
[Black "Andreikin, Dmitry"]
[Result "1/2-1/2"]
[WhiteTitle "GM"]
[BlackTitle "GM"]
[WhiteElo "2706"]
[BlackElo "2716"]
[WhiteFideId "4147235"]
[BlackFideId "4158814"]
[EventDate "2013.08.11"]

1. d4 e6 2. c4 Nf6 3. Nc3 d5 4. cxd5 exd5 5. Bg5 c6 6. Qc2 Be7 7. e3 Nbd7 8. Bd3
h6 9. Bh4 Nh5 10. Bxe7 Qxe7 11. O-O-O Nb6 12. h3 Be6 13. Nf3 O-O-O 14. Ne5 Kb8
15. Kb1 Nf6 16. Rc1 Rc8 17. Ka1 Rc7 18. Na4 Nxa4 19. Qxa4 Nd7 20. Nxd7+ Bxd7 21.
Rhd1 c5 22. Qa3 Rhc8 23. dxc5 Rxc5 24. Rxc5 Rxc5 25. Bb1 Be6 26. Qb4 Qc7 27. h4
a5 28. Qd4 f6 29. g3 1/2-1/2

[Event "Coppa del Mondo FIDE 2013"]
[Site "Tromsø"]
[Date "27.08.2013"]
[Round "6.2"]
[White "Kramnik, Vladimir"]
[Black "Vachier-Lagrave, Maxime"]
[Result "1/2-1/2"]
[WhiteTitle "GM"]
[BlackTitle "GM"]
[WhiteElo "2784"]
[BlackElo "2719"]
[WhiteFideId "4101588"]
[BlackFideId "623539"]
[EventDate "2013.08.11"]

1. Nf3 d5 2. d4 Nf6 3. c4 c6 4. Nc3 dxc4 5. a4 Bf5 6. Ne5 Nbd7 7. Nxc4 Nb6 8.
Ne5 a5 9. e3 Nbd7 10. Nc4 Qb8 11. Bd3 Bxd3 12. Qxd3 e5 13. O-O Bb4 14. Qf5 exd4
15. exd4 O-O 16. Rd1 Qe8 17. Bf4 Qe6 18. Qxe6 fxe6 19. Bd6 Rfd8 20. f3 Bxc3 21.
bxc3 Nd5 22. Rdc1 b5 23. axb5 cxb5 24. Nxa5 Rdc8 25. Bb4 Rc7 26. Rab1 Rac8 27.
h4 e5 28. Rd1 exd4 29. Rxd4 N7f6 30. Kh2 h6 31. Rb2 Nxc3 32. Bxc3 Rxc3 33. Rxb5
Rc2 34. Nb3 Kh7 35. Rdb4 R8c3 36. Kh3 Ra2 37. Nd4 Rc1 38. Ne6 Re1 39. Nf4 Ra7
40. h5 Rae7 41. g4 R1e5 42. Ng6 Rxb5 43. Rxb5 Re8 44. Rb7 Rd8 45. Kg3 Kg8 46.
Kh4 Kh7 47. Ra7 Kg8 48. f4 Kh7 49. Rb7 Ne4 50. Rb4 Re8 51. g5 Nd6 52. Rb6 Nf7
53. Rb5 Re1 54. Nf8+ Kg8 55. Rb8 hxg5+ 56. fxg5 Rh1+ 57. Kg3 Rg1+ 58. Kf4 Rf1+
59. Ke3 g6 60. hxg6 Kg7 61. gxf7 Kxf7 62. Ke4 Re1+ 63. Kf3 Rf1+ 64. Kg3 Rg1+ 65.
Kf4 Rf1+ 66. Ke3 Re1+ 67. Kf3 Rf1+ 68. Kg2 Rf5 69. Nh7 Kg6 70. Rb7 Rf4 71. Kg3
Ra4 72. Re7 Rg4+ 73. Kf3 Ra4 74. Rb7 Rh4 75. Nf6 Kxg5 76. Ne4+ Kf5 77. Re7 Rh8
78. Ke3 Rd8 79. Rf7+ Ke6 80. Rh7 Rd1 81. Nc5+ Kf5 82. Rf7+ Ke5 83. Nd3+ Ke6 84.
Ra7 Rh1 85. Ke4 Rh4+ 86. Nf4+ Kd6 87. Ra6+ Kc5 88. Rg6 Kc4 89. Rc6+ Kb5 90. Rc1
Rh8 91. Ke5 Rh4 92. Rc8 Rh1 93. Ne6 Rh5+ 94. Kd6 Rh6 95. Rc1 Kb4 96. Kd5 Rh5+
97. Ke4 Rh4+ 98. Nf4 Kb5 99. Ke5 Rh8 100. Rc2 Rh4 101. Rf2 Kc4 102. Ke4 Rh8 103.
Rc2+ Kb5 104. Ng6 Rh1 105. Ne5 Re1+ 106. Kd4 Rd1+ 107. Nd3 Kb6 108. Rc3 Rb1 109.
Kd5 Rb5+ 110. Nc5 Rb1 111. Nd7+ Kb5 112. Rd3 Rb4 113. Ne5 Rb1 114. Nc4 Kb4 115.
Nd2 Rb2 116. Kc6 Rc2+ 117. Kb6 Rb2 118. Kc6 Rc2+ 119. Kb7 Rc3 120. Rd8 Rc5 121.
Ne4 Rc4 122. Re8 Rc2 123. Kb6 Re2 124. Kc6 Re1 125. Nd6 1/2-1/2

[Event "Coppa del Mondo FIDE 2013"]
[Site "Tromsø"]
[Date "28.08.2013"]
[Round "6.3"]
[White "Tomashevsky, Evgeny"]
[Black "Andreikin, Dmitry"]
[Result "1/2-1/2"]
[WhiteTitle "GM"]
[BlackTitle "GM"]
[WhiteElo "2706"]
[BlackElo "2716"]
[WhiteFideId "4147235"]
[BlackFideId "4158814"]
[EventDate "2013.08.11"]

1. d4 e6 2. c4 Nf6 3. Nc3 d5 4. cxd5 exd5 5. Bg5 c6 6. e3 Bf5 7. Qf3 Bg6 8. Bxf6
Qxf6 9. Qxf6 gxf6 10. h4 Nd7 11. h5 Bf5 12. Nge2 Bd6 13. Nf4 Rg8 14. f3 Nf8 15.
Kf2 h6 16. Rd1 O-O-O 17. Bd3 Bxd3 18. Nxd3 f5 19. Ne2 Nd7 20. Ndf4 Rg5 21. Rh3
Nf6 22. Ng3 Kd7 23. Rd3 Rdg8 24. Rb3 Kc7 25. Nfe2 a5 26. Rc3 Kd7 27. Rb3 Kc7 28.
Rd3 Kd7 29. Rd1 Bxg3+ 30. Nxg3 Ne8 31. Rg1 Nd6 32. Ne2 Re8 33. Nf4 a4 34. Rc1
Nc4 35. b3 Nd6 36. Rhh1 Ra8 37. b4 1/2-1/2

[Event "Coppa del Mondo FIDE 2013"]
[Site "Tromsø"]
[Date "28.08.2013"]
[Round "6.4"]
[White "Andreikin, Dmitry"]
[Black "Tomashevsky, Evgeny"]
[Result "1-0"]
[WhiteTitle "GM"]
[BlackTitle "GM"]
[WhiteElo "2716"]
[BlackElo "2706"]
[WhiteFideId "4158814"]
[BlackFideId "4147235"]
[EventDate "2013.08.11"]

1. d4 d5 2. Nf3 Nf6 3. c4 c6 4. Nc3 a6 5. c5 Bf5 6. Bf4 Nbd7 7. e3 g6 8. Qb3 Qc8
9. h3 Bg7 10. Be2 O-O 11. O-O Ne4 12. Rac1 Re8 13. Nxe4 Bxe4 14. Ng5 Nf6 15. Be5
h6 16. Bxf6 exf6 17. Nxe4 Rxe4 18. Bf3 Re7 19. h4 f5 20. g3 Qe6 21. Kg2 g5 22.
hxg5 hxg5 23. Qd3 f4 24. exf4 gxf4 25. g4 Qg6 26. Rcd1 a5 27. Rh1 Rae8 28. Rh5
Re1 29. Rxe1 Rxe1 30. Qd2 Re8 31. Qxf4 Qf6 32. Rf5 Qxd4 33. Qc7 Rf8 34. Qxb7
Qxc5 35. Qd7 Qc2 36. g5 Bd4 37. Bh5 Qe4+ 38. Rf3 Kg7 39. Qxc6 Qh7 40. Qxd5 Qxh5
41. Qxd4+ Kg8 42. Rh3 1-0

[Event "Coppa del Mondo FIDE 2013"]
[Site "Tromsø"]
[Date "28.08.2013"]
[Round "6.4"]
[White "Kramnik, Vladimir"]
[Black "Vachier-Lagrave, Maxime"]
[Result "1/2-1/2"]
[WhiteTitle "GM"]
[BlackTitle "GM"]
[WhiteElo "2784"]
[BlackElo "2719"]
[WhiteFideId "4101588"]
[BlackFideId "623539"]
[EventDate "2013.08.11"]

1. Nf3 c5 2. c4 b6 3. g3 Bb7 4. Bg2 g6 5. O-O Bg7 6. Nc3 Nf6 7. b3 O-O 8. Bb2 e6
9. d4 Qe7 10. e3 d6 11. Qe2 Rd8 12. Rfd1 Nbd7 13. d5 exd5 14. Ne1 Rab8 15. Nxd5
Nxd5 16. Bxd5 Bxd5 17. Rxd5 Bxb2 18. Qxb2 Nf6 19. Rd3 d5 20. cxd5 Nxd5 21. Rad1
Nb4 22. R3d2 Nc6 23. Nf3 b5 24. Qc3 Rxd2 25. Rxd2 Rd8 26. Rxd8+ Nxd8 27. Qd3 a6
28. Qd5 Qc7 29. Ne5 Ne6 30. Kg2 Kg7 31. f4 a5 32. Kf3 a4 33. bxa4 bxa4 34. Qd7
a3 35. Ke2 Kf6 36. Ng4+ Kg7 37. Ne5 Kf6 38. Ng4+ 1/2-1/2